000 01976cam a22004097a 4500
003 CHAP
005 20220329141043.0
008 971013m1996 mx rs 00110 spa d
010 _a61945
011 _a62917
035 _a67093
040 _cCHAP
082 0 4 _a312.0972
_bI57 1995 Gro.
110 2 _aInstituto Nacional de Estadística, Geografía e Informática. México
_959304
245 1 0 _aConteo de población y vivienda 1995 :
_bGuerrero : resultados definitivos
_c/por Instituto Nacional de Estadística, Geografía e Informática
260 _aAguascalientes, Ags. :
_bInstituto Nacional de Estadística, Geografía e Informática,
_c1996-19 .
300 _av.
500 _aLa biblioteca tiene: v.1 Tabulados básicos(2 Ptes.)--v.2 Perfil sociodemográfico
590 _aBATCH-UPD
_b10
_c20130110
_lUCH01
_h0207
590 _aBATCH-UPD
_b10
_c20130110
_lUCH01
_h2321
590 _aBATCH-UPD
_b10
_c20130409
_lUCH01
_h2220
590 _aBATCH-UPD
_b10
_c20130410
_lUCH01
_h1612
590 _aBATCH-UPD
_b10
_c20130914
_lUCH01
_h1821
590 _aCONVERSION
_b10
_c20130109
_lUCH01
_h1333
650 1 4 _aMéxico
_xCensos (1995)
_976663
650 1 4 _aPoblación
_xEstadísticas
_zGuerrero.
_989381
650 1 4 _aPoblación
_zGuerrero.
_989423
650 1 4 _aVivienda
_xGuerrero.
_9120130
901 _aBK
942 _cLIBRO
949 _a312.0972 I57 1995 Gro.
_bBC
_cINEGI
_d33724000626420
_eINEGI
_fv.1 Pte.2
_h91427
_i67093
_si
_t41.00
949 _a312.0972 I57 1995 Gro.
_bBC
_cINEGI
_d33724000626438
_eINEGI
_fv.1 Pte.1
_h91426
_i67093
_si
_t41.00
949 _a312.0972 I57 1995 Gro.
_bBC
_cINEGI
_d33724000702312
_eINEGI
_fv.2
_h93949
_i67093
_sb
949 _a312.0972 I57 1995 Gro.
_bBC
_cINEGI
_d33724000842399
_eINEGI
_fv.1 Pte.1 c.2
_gDonaciØn
_h100512
_i67093
_sb
949 _a312.0972 I57 1995 Gro.
_bBC
_cINEGI
_d33724000842449
_eINEGI
_fv.1 Pte.2 c.2
_gDonaciØn
_h100511
_i67093
_sb
949 _a312.0972 I57 1995 Gro.
_bBC
_cINEGI
_d33724000846309
_eINEGI
_fv.2 c.2
_gDonaciØn
_h101275
_i67093
_sb
999 _c61945
_d61945